000 00333nam a22001337a 4500
008 181024b xxu||||| |||| 00| 0 eng d
020 _a9781269911825
041 _aeng
080 _a316
100 _a50
101 _aSOC
245 _aIntroduction Historical Sociology And The Social Sciences
_cMartin.K
942 _2udc
_cBK
999 _c50880
_d50880